000 00775nam a2200253 a 4500
001 BRL_1735
005 20190320211338.0
008 230715s1988----mx-a######---#000-0#spa-#
020 _a9681608712
041 _aspa
044 _amx
050 4 _aF1219
_b.L46 1988
100 1 _aLeón-Portilla, Miguel
_9504
245 1 0 _aLos antiguos mexicanos
_ba través de sus crónicas y cantares
_cMiguel León-Portilla ; Dibujos de Alberto Beltrán.
260 _aMéxico
_bFondo de Cultura Económica
_c1988
300 _a198 p.
_bil.
_c24 cm.
500 _aAu1945
504 _aBibliografía: p. 185-189
650 1 4 _aAztecas
_92396
650 1 4 _aLiteratura náhuatl
_xHistoria y crítica
_925490
700 1 _aBeltrán, Alberto
_eil.
_99572
902 _aGRL
942 _2lcc
_cB
999 _c10543
_d10543